Fr. Conceicao Rodrigues College of Engineering

Chemical reaction Engineering (Record no. 25513)

MARC details
000 -LEADER
fixed length control field 00331nam a2200145Ia 4500
082 ## - DEWEY DECIMAL CLASSIFICATION NUMBER
Classification number 660.28
100 ## - MAIN ENTRY--PERSONAL NAME
Personal name Levenspiel/Octave
245 ## - TITLE STATEMENT
Title Chemical reaction Engineering
260 ## - PUBLICATION, DISTRIBUTION, ETC.
Name of publisher, distributor, etc. WILEY EASTERN LIMITED
Place of publication, distribution, etc. NewDelhi
Date of publication, distribution, etc. 1969
300 ## - PHYSICAL DESCRIPTION
Extent 501
546 ## - LANGUAGE NOTE
Language note ENGLISH
650 ## - SUBJECT ADDED ENTRY--TOPICAL TERM
Topical term or geographic name entry element Chemistry
654 ## - SUBJECT ADDED ENTRY--FACETED TOPICAL TERMS
Focus term Engineering
942 ## - ADDED ENTRY ELEMENTS (KOHA)
Koha item type BOOK
Holdings
Withdrawn status Lost status Damaged status Not for loan Collection Home library Current library Date acquired Cost, normal purchase price Total Checkouts Full call number Barcode Date last seen Cost, replacement price Price effective from Koha item type
        AFT Fr. Agnel's C.Rodrigues College of Engineering Fr. Agnel's C.Rodrigues College of Engineering 17/03/2023 21.00   660.28 AFT1234 17/03/2023 21.00 17/03/2023 BOOK